[Event "DSOL 04 Liga Final 1st"]
[Site "Playchess.com INT"]
[Date "2020.08.25"]
[Round "1.1"]
[White "Wiechmann, Michael"]
[Black "Wolff, Christoph"]
[Result "1/2-1/2"]
[WhiteElo "2012"]
[BlackElo "1992"]
[PlyCount "129"]
[EventDate "2020.06.22"]
[EventType "team-k.o. (rapid)"]
[EventCountry "GER"]
[SourceTitle "EXT 2021"]
[Source "ChessBase"]
[SourceDate "2020.10.23"]
[SourceVersion "1"]
[SourceVersionDate "2020.10.23"]
[SourceQuality "1"]
[WhiteTeam "Lauenburg SV"]
[BlackTeam "Buer Hassel"]
[WhiteTeamCountry "GER"]
[BlackTeamCountry "GER"]

1. e4 c5 2. Nc3 Nc6 3. g3 g6 4. Bg2 Bg7 5. d3 d6 6. Nge2 e6 7. 0-0 Nge7 8. Be3 0-0 9. Qd2 Nd4 10. Nd1 Rb8 11. c3 Nxe2+ 12. Qxe2 Bd7 13. Bd2 b5 14. Ne3 Bc6 15. Ng4 h5 16. Ne3 d5 17. Nc2 a5 18. Be3 c4 19. Bc5 Re8 20. Rfd1 Qc7 21. dxc4 bxc4 22. Ba3 Qa7 23. exd5 exd5 24. Qf1 Ba4 25. Rd2 Bh6 26. Re2 Nf5 27. Rae1 Rxe2 28. Rxe2 Rd8 29. Qe1 d4 30. Nxd4 Nxd4 31. cxd4 Rxd4 32. b3 Qd7 33. Qxa5 Rd1+ 34. Re1 cxb3 35. axb3 Bxb3 36. h4 Rxe1+ 37. Qxe1 Qd1 38. Qxd1 Bxd1 39. Bd5 Bf8 40. Bc1 Be2 41. Be3 Be7 42. f3 Bd3 43. Kf2 Kg7 44. Bd4+ f6 45. Ke3 Bb5 46. Be6 Kh6 47. Bc8 g5 48. Bf5 Be8 49. hxg5+ fxg5 50. f4 gxf4+ 51. gxf4 Bg6 52. Bh3 Bc2 53. Kd2 Bb1 54. Be3 Kg6 55. Bd4 Bf5 56. Bg2 h4 57. Ke3 Bf6 58. Bxf6 Kxf6 59. Kf2 Bg4 60. Bf3 Kf5 61. Bxg4+ Kxf4 62. Bh3 Ke4 63. Kg2 Kf4 64. Bc8 h3+ 65. Kxh3 1/2-1/2

[Event "DSOL 04 Liga Gr-B 1st"]
[Site "Playchess.com INT"]
[Date "2020.07.29"]
[Round "6.1"]
[White "Wolff, Christoph"]
[Black "Boehme, Arne"]
[Result "1-0"]
[WhiteElo "1992"]
[BlackElo "2132"]
[PlyCount "25"]
[EventDate "2020.06.22"]
[EventType "team-tourn (rapid)"]
[EventCountry "GER"]
[SourceTitle "EXT 2021"]
[Source "ChessBase"]
[SourceDate "2020.10.23"]
[SourceVersion "1"]
[SourceVersionDate "2020.10.23"]
[SourceQuality "1"]
[WhiteTeam "Buer Hassel"]
[BlackTeam "Lingen"]
[WhiteTeamCountry "GER"]
[BlackTeamCountry "GER"]

1. e4 d6 2. d4 Nf6 3. Nc3 g6 4. Be3 c6 5. h3 b5 6. e5 Nfd7 7. exd6 exd6 8. d5 b4 9. Qd4 Qf6 10. Qxb4 c5 11. Qe4+ Be7 12. Nf3 h6 13. 0-0-0 1-0

[Event "DSOL 04 Liga Gr-B 1st"]
[Site "Playchess.com INT"]
[Date "2020.07.07"]
[Round "3.1"]
[White "Schmidt, Alexander"]
[Black "Wolff, Christoph"]
[Result "1-0"]
[WhiteElo "1892"]
[BlackElo "1992"]
[PlyCount "89"]
[EventDate "2020.06.22"]
[EventType "team-tourn (rapid)"]
[EventCountry "GER"]
[SourceTitle "EXT 2021"]
[Source "ChessBase"]
[SourceDate "2020.10.23"]
[SourceVersion "1"]
[SourceVersionDate "2020.10.23"]
[SourceQuality "1"]
[WhiteTeam "Aachen Tigerli"]
[BlackTeam "Buer Hassel"]
[WhiteTeamCountry "GER"]
[BlackTeamCountry "GER"]

1. Nc3 c5 2. f4 d6 3. Nf3 Nf6 4. b3 Nc6 5. Bb2 e6 6. e3 Be7 7. Be2 a6 8. 0-0 0-0 9. a3 b5 10. Qe1 Nd5 11. Nxd5 exd5 12. Qg3 Bf6 13. Bxf6 Qxf6 14. Qg5 Qxg5 15. fxg5 Re8 16. a4 Bg4 17. axb5 axb5 18. Bxb5 Rxa1 19. Rxa1 Rc8 20. Ra6 Ne5 21. Kf2 Rd8 22. Nxe5 dxe5 23. Rc6 c4 24. bxc4 dxc4 25. Ke1 Be6 26. Bxc4 Bxc4 27. Rxc4 f6 28. gxf6 gxf6 29. Rc7 Ra8 30. c4 Ra1+ 31. Ke2 Rg1 32. Kf3 Rd1 33. d4 exd4 34. exd4 Rxd4 35. c5 Rc4 36. c6 Kf8 37. Ke3 Rc2 38. Kd3 Rc1 39. Ke4 Rc2 40. Kd5 Rxg2 41. Rxh7 Kg8 42. Rd7 Rxh2 43. c7 Rd2+ 44. Ke6 Re2+ 45. Kxf6 1-0

[Event "Dortmund Sparkassen op 47th"]
[Site "Dortmund"]
[Date "2019.07.21"]
[Round "9"]
[White "Skabs, Denis"]
[Black "Wolff, Christoph"]
[Result "1-0"]
[WhiteElo "1745"]
[BlackElo "2047"]
[PlyCount "53"]
[EventDate "2019.07.13"]
[EventType "swiss"]
[EventRounds "9"]
[EventCountry "GER"]
[SourceTitle "EXT 2020"]
[Source "ChessBase"]
[SourceDate "2019.10.17"]
[SourceVersion "1"]
[SourceVersionDate "2019.10.17"]
[SourceQuality "1"]

1. e4 c5 2. d4 cxd4 3. c3 dxc3 4. Nxc3 Nc6 5. Nf3 d6 6. Bc4 a6 7. 0-0 Nf6 8. Bf4 Bg4 9. h3 Bh5 10. g4 Bg6 11. Qe2 e6 12. Rfd1 Qc7 13. e5 dxe5 14. Nxe5 Qa5 15. Nxc6 bxc6 16. Bxe6 Be7 17. g5 fxe6 18. gxf6 Qf5 19. fxe7 Qxf4 20. Qxe6 Qg5+ 21. Kf1 Qf5 22. Rd8+ Rxd8 23. exd8Q+ Kxd8 24. Rd1+ Kc7 25. Rd7+ Kb6 26. Qb3+ Ka5 27. Qa4+ 1-0

[Event "Dortmund Sparkassen op 47th"]
[Site "Dortmund"]
[Date "2019.07.15"]
[Round "3"]
[White "Groneberg, Joerg"]
[Black "Wolff, Christoph"]
[Result "1-0"]
[WhiteElo "1921"]
[BlackElo "2047"]
[PlyCount "133"]
[EventDate "2019.07.13"]
[EventType "swiss"]
[EventRounds "9"]
[EventCountry "GER"]
[SourceTitle "EXT 2020"]
[Source "ChessBase"]
[SourceDate "2019.10.17"]
[SourceVersion "1"]
[SourceVersionDate "2019.10.17"]
[SourceQuality "1"]

1. c4 e5 2. g3 Nf6 3. Bg2 d5 4. cxd5 Nxd5 5. Nc3 Nb6 6. Nf3 Nc6 7. 0-0 Be7 8. d3 0-0 9. b3 Be6 10. Bb2 Qd7 11. Re1 f5 12. Rc1 Bf6 13. Nd2 e4 14. Nc4 Nxc4 15. dxc4 Qf7 16. Qc2 Rfd8 17. Rcd1 Nd4 18. Qc1 c5 19. Na4 Rac8 20. e3 Nf3+ 21. Bxf3 exf3 22. Rxd8+ Bxd8 23. Qd1 Bd7 24. Qxf3 Bc6 25. Qe2 b6 26. Rd1 Qe6 27. Nc3 Bg5 28. Nd5 Rf8 29. Qd2 Qh6 30. f4 Bd8 31. Be5 Qe6 32. h4 Qg6 33. Kh2 Qh5 34. Rg1 Qf3 35. Rg2 h6 36. Rg1 Re8 37. Qd3 Qg4 38. Rg2 Re6 39. Qe2 Qg6 40. h5 Qf7 41. g4 Rxe5 42. fxe5 Bg5 43. Qf3 fxg4 44. Qxf7+ Kxf7 45. Kg3 Ke6 46. Kxg4 Kxe5 47. Rf2 Bd7+ 48. Kg3 Bf5 49. a4 Bd8 50. Kf3 Bh4 51. Rh2 Be4+ 52. Ke2 Bg5 53. Rf2 Bc2 54. Rf7 Bxb3 55. Kd3 Bxa4 56. Rxa7 b5 57. Rxg7 Bd1 58. cxb5 Bf3 59. Nc3 Bd8 60. Rg8 Ba5 61. Rg6 Bxh5 62. Rxh6 Bf7 63. b6 c4+ 64. Kc2 Be6 65. Rh5+ Bf5+ 66. e4 Bxc3 67. Kxc3 1-0

[Event "Dortmund Sparkassen op 47th"]
[Site "Dortmund"]
[Date "2019.07.14"]
[Round "2"]
[White "Wolff, Christoph"]
[Black "Winterberg, Andreas"]
[Result "1/2-1/2"]
[WhiteElo "2047"]
[BlackElo "1956"]
[PlyCount "42"]
[EventDate "2019.07.13"]
[EventType "swiss"]
[EventRounds "9"]
[EventCountry "GER"]
[SourceTitle "EXT 2020"]
[Source "ChessBase"]
[SourceDate "2019.10.17"]
[SourceVersion "1"]
[SourceVersionDate "2019.10.17"]
[SourceQuality "1"]

1. e4 e5 2. Nc3 Nf6 3. g3 Bc5 4. Bg2 Nc6 5. Nge2 Nd4 6. Nxd4 Bxd4 7. Ne2 Bb6 8. d4 exd4 9. 0-0 d6 10. Nxd4 0-0 11. c3 Re8 12. Re1 Bg4 13. Qd3 Nd7 14. h3 Ne5 15. Qe3 Bd7 16. Qe2 Qf6 17. Be3 a6 18. f4 Nc6 19. Nc2 Bxe3+ 20. Nxe3 Ne7 21. Qh5 Qg6 1/2-1/2

[Event "Ruhrgebiet Verbandsklasse Gruppe 2 1819"]
[Site "Nordrheinwestfalen"]
[Date "2019.03.10"]
[Round "7.2"]
[White "Wolff, Christoph"]
[Black "Khess, Igor"]
[Result "1/2-1/2"]
[WhiteElo "1955"]
[BlackElo "1963"]
[PlyCount "118"]
[EventDate "2018.09.23"]
[EventType "team-tourn"]
[EventRounds "9"]
[EventCountry "GER"]
[SourceTitle "EXT 2022"]
[Source "ChessBase"]
[SourceDate "2021.10.06"]
[SourceVersion "1"]
[SourceVersionDate "2021.10.06"]
[SourceQuality "1"]
[WhiteTeam "Buer Hassel"]
[BlackTeam "Dortmund FS"]
[WhiteTeamCountry "GER"]
[BlackTeamCountry "GER"]

1. e4 e5 2. Nc3 Nc6 3. g3 Nf6 4. Bg2 g6 5. Nge2 Bg7 6. 0-0 d6 7. h3 Be6 8. d4 Nxd4 9. Nxd4 exd4 10. Qxd4 Qc8 11. Nd5 Nh5 12. Qa4+ c6 13. Nf4 Nxf4 14. Bxf4 0-0 15. Bxd6 Rd8 16. e5 Bxh3 17. Qh4 Bxg2 18. Kxg2 Bf8 19. Bxf8 Rxf8 20. Qh6 f6 21. Rh1 Qc7 22. e6 Rae8 23. Rhe1 Re7 24. Rad1 Rfe8 25. Qh3 f5 26. Qh4 c5 27. Qc4 Qc6+ 28. Kh2 b6 29. Re3 Rxe6 30. Rd8 Rxd8 31. Rxe6 Qd5 32. Qe2 Rf8 33. Re5 Qf7 34. Re7 Qf6 35. Rxa7 f4 36. Qc4+ Kh8 37. Qxf4 Qxf4 38. gxf4 Rxf4 39. Kg3 Rf6 40. Rb7 Kg8 41. f4 h5 42. a4 Kf8 43. Kf3 g5 44. Ke3 gxf4+ 45. Kf3 Kg8 46. Re7 h4 47. Re2 Kf7 48. Rh2 Rh6 49. Kxf4 Ke6 50. Ke4 h3 51. b3 Rh4+ 52. Ke3 Kf5 53. Kf3 Rh6 54. c3 Ke5 55. Re2+ Kd5 56. Kg3 h2 57. Rxh2 Rxh2 58. Kxh2 Ke4 59. b4 cxb4 1/2-1/2

[Event "Ruhrgebiet Verbandsklasse Gruppe 2 1819"]
[Site "Nordrheinwestfalen"]
[Date "2018.11.04"]
[Round "3.3"]
[White "Wolff, Christoph"]
[Black "Kirsch, Paul"]
[Result "1-0"]
[WhiteElo "1973"]
[BlackElo "1929"]
[PlyCount "35"]
[EventDate "2018.09.23"]
[EventType "team-tourn"]
[EventRounds "9"]
[EventCountry "GER"]
[SourceTitle "EXT 2022"]
[Source "ChessBase"]
[SourceDate "2021.10.06"]
[SourceVersion "1"]
[SourceVersionDate "2021.10.06"]
[SourceQuality "1"]
[WhiteTeam "Buer Hassel"]
[BlackTeam "Steele/Kray Rochade"]
[WhiteTeamCountry "GER"]
[BlackTeamCountry "GER"]

1. e4 c6 2. Nc3 d5 3. Nf3 dxe4 4. Nxe4 Nf6 5. Ng3 c5 6. Bc4 Nc6 7. 0-0 e6 8. Re1 Be7 9. c3 0-0 10. d4 cxd4 11. cxd4 Qc7 12. b3 Rd8 13. Qe2 Nxd4 14. Nxd4 Rxd4 15. Bb2 Rd8 16. Nf5 Bf8 17. Be5 Qc5 18. Nh6+ 1-0

[Event "Ruhrgebiet Verbandsklasse Gruppe 3 1718"]
[Site "Germany"]
[Date "2018.01.14"]
[Round "5.3"]
[White "Wolff, Christoph"]
[Black "Schreck, Roland"]
[Result "1/2-1/2"]
[WhiteElo "1948"]
[BlackElo "2111"]
[PlyCount "22"]
[EventDate "2017.09.17"]
[EventType "team-tourn"]
[EventRounds "9"]
[EventCountry "GER"]
[SourceTitle "EXT 2022"]
[Source "ChessBase"]
[SourceDate "2021.10.06"]
[SourceVersion "1"]
[SourceVersionDate "2021.10.06"]
[SourceQuality "1"]
[WhiteTeam "Buer Hassel"]
[BlackTeam "Bochum-Linden"]
[WhiteTeamCountry "GER"]
[BlackTeamCountry "GER"]

1. e4 c5 2. Nf3 Nc6 3. Nc3 g6 4. d4 cxd4 5. Nxd4 Bg7 6. Be3 Nf6 7. Be2 0-0 8. Nb3 a5 9. a4 d6 10. 0-0 Nb4 11. f4 d5 1/2-1/2

[Event "BI-2015-P-0000"]
[Site "LSS email"]
[Date "2015.04.16"]
[Round "?"]
[White "Baroin, Bernard"]
[Black "Wolff, Christoph"]
[Result "1-0"]
[WhiteElo "2165"]
[BlackElo "2020"]
[PlyCount "51"]
[EventDate "2015.04.22"]
[EventType "tourn (corr)"]
[EventRounds "10"]
[EventCountry "GER"]
[SourceTitle "Corr 2022"]
[Source "ChessBase"]
[SourceDate "2021.10.24"]
[SourceVersion "1"]
[SourceVersionDate "2021.10.24"]
[SourceQuality "1"]

1. e4 c5 2. Nf3 d6 3. d4 cxd4 4. Nxd4 Nf6 5. f3 a6 6. c4 e6 7. Nc3 Be7 8. Be2 0-0 9. 0-0 b6 10. Be3 Bb7 11. Qd2 Nbd7 12. Rfd1 Qc7 13. Rac1 Rac8 14. b4 Qb8 15. a3 Bd8 16. Kh1 Bc7 17. Bg1 Rfe8 18. Rb1 Qa8 19. Bf2 Ne5 20. Qb2 d5 21. exd5 exd5 22. c5 Ned7 23. Na4 bxc5 24. bxc5 Bc6 25. Nb6 Nxb6 26. cxb6 1-0

[Event "BI-2015-P-0000"]
[Site "LSS email"]
[Date "2015.04.16"]
[Round "?"]
[White "Rook, Detlef"]
[Black "Wolff, Christoph"]
[Result "1-0"]
[WhiteElo "2399"]
[BlackElo "2020"]
[PlyCount "31"]
[EventDate "2015.04.22"]
[EventType "tourn (corr)"]
[EventRounds "10"]
[EventCountry "GER"]
[SourceTitle "Corr 2022"]
[Source "ChessBase"]
[SourceDate "2021.10.24"]
[SourceVersion "1"]
[SourceVersionDate "2021.10.24"]
[SourceQuality "1"]

1. d4 Nf6 2. c4 g6 3. Nc3 d5 4. cxd5 Nxd5 5. Bd2 Bg7 6. e4 Nb6 7. Be3 0-0 8. Be2 Nc6 9. Nf3 Bg4 10. d5 Bxf3 11. gxf3 Na5 12. Bd4 Qd6 13. Bxg7 Kxg7 14. Qd2 Qf6 15. h4 Nac4 16. Qc1 1-0

[Event "BI-2015-P-0000"]
[Site "LSS email"]
[Date "2015.04.16"]
[Round "?"]
[White "Wolff, Christoph"]
[Black "Iacobitz, Lucian Valentin"]
[Result "0-1"]
[WhiteElo "2020"]
[BlackElo "1850"]
[PlyCount "32"]
[EventDate "2015.04.22"]
[EventType "tourn (corr)"]
[EventRounds "10"]
[EventCountry "GER"]
[SourceTitle "Corr 2022"]
[Source "ChessBase"]
[SourceDate "2021.10.24"]
[SourceVersion "1"]
[SourceVersionDate "2021.10.24"]
[SourceQuality "1"]

1. e4 e5 2. Nc3 Nf6 3. g3 c6 4. d4 Bb4 5. Bg2 d6 6. Nge2 0-0 7. 0-0 Be6 8. a3 Ba5 9. Qd3 Nbd7 10. h3 Bb6 11. Rd1 Re8 12. Be3 Qc8 13. g4 exd4 14. Bxd4 d5 15. exd5 Nxd5 16. Nxd5 Bxd5 0-1

[Event "BI-2015-P-0000"]
[Site "LSS email"]
[Date "2015.04.16"]
[Round "?"]
[White "Wolff, Christoph"]
[Black "Vasquez, Gerardo"]
[Result "0-1"]
[WhiteElo "2020"]
[BlackElo "2086"]
[PlyCount "52"]
[EventDate "2015.04.22"]
[EventType "tourn (corr)"]
[EventRounds "10"]
[EventCountry "GER"]
[SourceTitle "Corr 2022"]
[Source "ChessBase"]
[SourceDate "2021.10.24"]
[SourceVersion "1"]
[SourceVersionDate "2021.10.24"]
[SourceQuality "1"]

1. e4 e5 2. f4 exf4 3. Nf3 Be7 4. Nc3 Bh4+ 5. Ke2 Be7 6. d4 g5 7. Qd3 d6 8. Kd1 Nc6 9. Nd5 Qd7 10. g3 g4 11. Nd2 fxg3 12. hxg3 h5 13. Nc4 Bd8 14. Bg2 Nf6 15. Nce3 Nxd5 16. Nxd5 h4 17. gxh4 Rxh4 18. Rxh4 Bxh4 19. e5 Qd8 20. exd6 cxd6 21. Qh7 Be6 22. c3 g3 23. Nf4 Bg4+ 24. Kc2 Kd7 25. Nd5 Qh8 26. Qxf7+ Be7 0-1

[Event "Ruhrgebiet Verbandsklasse Gruppe 3 1415"]
[Site "Germany"]
[Date "2015.03.29"]
[Round "8.1"]
[White "Wolff, Christoph"]
[Black "Reinoehl, Christian"]
[Result "1-0"]
[WhiteElo "1980"]
[BlackElo "2045"]
[PlyCount "65"]
[EventDate "2014.09.21"]
[EventType "team-tourn"]
[EventRounds "9"]
[EventCountry "GER"]
[SourceTitle "EXT 2022"]
[Source "ChessBase"]
[SourceDate "2021.10.06"]
[SourceVersion "1"]
[SourceVersionDate "2021.10.06"]
[SourceQuality "1"]
[WhiteTeam "Buer Hassel"]
[BlackTeam "Annen Sport Union"]
[WhiteTeamCountry "GER"]
[BlackTeamCountry "GER"]

1. e4 e5 2. Nc3 Nf6 3. g3 d5 4. exd5 Nxd5 5. Bg2 Nxc3 6. bxc3 c6 7. Nf3 Bd6 8. 0-0 0-0 9. d4 Nd7 10. Qd3 Qc7 11. Re1 f6 12. Nh4 Nb6 13. Nf5 Bxf5 14. Qxf5 Rae8 15. Qh5 g6 16. Qh4 exd4 17. Bh6 dxc3 18. Bxf8 Rxf8 19. Rad1 Rf7 20. Re6 Bf8 21. Rxf6 Qe7 22. Rxf7 Qxf7 23. Qd4 Qxa2 24. Qxc3 Qc4 25. Qf6 Qxc2 26. Rd8 Qb1+ 27. Bf1 Qb4 28. Bh3 Qe1+ 29. Bf1 Qb4 30. Qe6+ Kg7 31. Qe5+ Kf7 32. Bh3 Qc5 33. Be6+ 1-0

[Event "Ruhrgebiet Verbandsklasse Gruppe 3 1415"]
[Site "Germany"]
[Date "2015.03.01"]
[Round "7.1"]
[White "Czarnik, Jozef"]
[Black "Wolff, Christoph"]
[Result "0-1"]
[WhiteElo "1852"]
[BlackElo "1988"]
[PlyCount "88"]
[EventDate "2014.09.21"]
[EventType "team-tourn"]
[EventRounds "9"]
[EventCountry "GER"]
[SourceTitle "EXT 2022"]
[Source "ChessBase"]
[SourceDate "2021.10.06"]
[SourceVersion "1"]
[SourceVersionDate "2021.10.06"]
[SourceQuality "1"]
[WhiteTeam "Haltern"]
[BlackTeam "Buer Hassel"]
[WhiteTeamCountry "GER"]
[BlackTeamCountry "GER"]

1. d4 Nf6 2. c4 g6 3. Nc3 d5 4. cxd5 Nxd5 5. e4 Nxc3 6. bxc3 Bg7 7. Rb1 c5 8. Nf3 0-0 9. Be2 cxd4 10. cxd4 Qa5+ 11. Qd2 Qxd2+ 12. Bxd2 Rd8 13. d5 b6 14. 0-0 Ba6 15. Rfe1 Bxe2 16. Rxe2 Na6 17. Bg5 Kf8 18. Rc1 Nc5 19. Nd2 Rac8 20. Nc4 h6 21. Bd2 Nd3 22. Rc2 f5 23. f3 b5 24. Ne3 f4 25. Rxc8 Rxc8 26. Nd1 Rc2 27. Kf1 Rxa2 28. Bc3 Ra3 29. Bxg7+ Kxg7 30. Rc2 Ne5 31. Rc7 Kf6 32. Rb7 Ra1 33. Ke2 Ra2+ 34. Kf1 a6 35. Rb6+ Kf7 36. h4 Nc4 37. Rb7 Kf6 38. Nf2 Ne3+ 39. Kg1 h5 40. Rb6+ Kf7 41. d6 exd6 42. Rxd6 b4 43. Nd3 a5 44. Nxf4 b3 0-1

[Event "BI-2015-F-0000"]
[Site "LSS email"]
[Date "2015.02.12"]
[Round "?"]
[White "Martins, Karin"]
[Black "Wolff, Christoph"]
[Result "1/2-1/2"]
[WhiteElo "1828"]
[BlackElo "2014"]
[PlyCount "56"]
[EventDate "2015.02.11"]
[EventType "tourn (corr)"]
[EventRounds "10"]
[EventCountry "GER"]
[SourceTitle "Corr 2022"]
[Source "ChessBase"]
[SourceDate "2021.10.24"]
[SourceVersion "1"]
[SourceVersionDate "2021.10.24"]
[SourceQuality "1"]

1. e4 c5 2. Nf3 d6 3. d4 cxd4 4. Nxd4 Nf6 5. Nc3 a6 6. h3 e6 7. g4 Be7 8. g5 Nfd7 9. Be3 Nc6 10. h4 0-0 11. f4 Re8 12. Qd2 Nxd4 13. Qxd4 b5 14. 0-0-0 Qa5 15. a3 Rb8 16. Bd2 Qb6 17. Qxb6 Nxb6 18. Be3 Bd7 19. Bd4 Bc6 20. Rg1 d5 21. Bxb6 Rxb6 22. exd5 Bc5 23. Rg3 Bxd5 24. Nxd5 exd5 25. Rxd5 Rd6 26. Rgd3 Rxd5 27. Rxd5 Be3+ 28. Kd1 Kf8 1/2-1/2

[Event "BI-2015-F-0000"]
[Site "LSS email"]
[Date "2015.02.12"]
[Round "?"]
[White "Oliveira, Marcio B"]
[Black "Wolff, Christoph"]
[Result "1-0"]
[WhiteElo "2328"]
[BlackElo "2014"]
[PlyCount "55"]
[EventDate "2015.02.11"]
[EventType "tourn (corr)"]
[EventRounds "10"]
[EventCountry "GER"]
[SourceTitle "Corr 2022"]
[Source "ChessBase"]
[SourceDate "2021.10.24"]
[SourceVersion "1"]
[SourceVersionDate "2021.10.24"]
[SourceQuality "1"]

1. e4 c5 2. Nc3 Nc6 3. Nf3 d6 4. d4 cxd4 5. Nxd4 Nf6 6. Bg5 e6 7. Qd2 a6 8. 0-0-0 Bd7 9. f4 b5 10. a3 Qb6 11. Nb3 b4 12. axb4 Nxb4 13. Be2 Rb8 14. Qd4 Be7 15. Qxb6 Rxb6 16. Bf3 e5 17. Na5 Ng4 18. Rd2 exf4 19. Bxf4 Ne5 20. Kb1 f6 21. Be2 Be6 22. Bxe5 dxe5 23. Na4 Rb8 24. c3 Kf7 25. Bc4 Bxc4 26. Nxc4 Nc6 27. Rd7 Ke6 28. Rhd1 1-0

[Event "BI-2015-F-0000"]
[Site "LSS email"]
[Date "2015.02.12"]
[Round "?"]
[White "Wolff, Christoph"]
[Black "Krupa, Bartlomiej"]
[Result "0-1"]
[WhiteElo "2014"]
[BlackElo "2191"]
[PlyCount "48"]
[EventDate "2015.02.11"]
[EventType "tourn (corr)"]
[EventRounds "10"]
[EventCountry "GER"]
[SourceTitle "Corr 2022"]
[Source "ChessBase"]
[SourceDate "2021.10.24"]
[SourceVersion "1"]
[SourceVersionDate "2021.10.24"]
[SourceQuality "1"]

1. e4 c5 2. Nf3 d6 3. d4 cxd4 4. Nxd4 Nf6 5. Nc3 a6 6. Bg5 Nbd7 7. Bc4 Qb6 8. Bb3 e6 9. Qd2 Be7 10. 0-0-0 Nc5 11. f3 Qc7 12. Kb1 b5 13. g4 0-0 14. a3 Rb8 15. h4 Bd7 16. h5 Rfc8 17. Bxf6 Bxf6 18. g5 Be7 19. Nf5 Bf8 20. Nxd6 Bxd6 21. Qxd6 a5 22. g6 b4 23. Qe7 Be8 24. gxf7+ Bxf7 0-1

[Event "WC-2015-P-00010"]
[Site "LSS email"]
[Date "2015.01.19"]
[Round "?"]
[White "Hassim, Yonah"]
[Black "Wolff, Christoph"]
[Result "1/2-1/2"]
[WhiteElo "2205"]
[BlackElo "2005"]
[PlyCount "46"]
[EventDate "2015.01.25"]
[EventType "tourn (corr)"]
[EventRounds "12"]
[EventCountry "GER"]
[SourceTitle "Corr 2022"]
[Source "ChessBase"]
[SourceDate "2021.10.24"]
[SourceVersion "1"]
[SourceVersionDate "2021.10.24"]
[SourceQuality "1"]

1. d4 Nf6 2. c4 g6 3. Nc3 d5 4. cxd5 Nxd5 5. e4 Nxc3 6. bxc3 Bg7 7. Nf3 c5 8. Rb1 0-0 9. Be2 cxd4 10. cxd4 Qa5+ 11. Bd2 Qxa2 12. 0-0 Bg4 13. Bg5 h6 14. Be3 Nc6 15. d5 Bxf3 16. Bxf3 Ne5 17. Rxb7 a5 18. Be2 Nc4 19. Bf4 a4 20. Rxe7 a3 21. Rc7 Ne5 22. d6 Qb2 23. Rc2 Qb7 1/2-1/2

[Event "WC-2015-P-00010"]
[Site "LSS email"]
[Date "2015.01.19"]
[Round "?"]
[White "Shchebenyuk, Nina"]
[Black "Wolff, Christoph"]
[Result "1/2-1/2"]
[WhiteElo "2062"]
[BlackElo "2005"]
[PlyCount "32"]
[EventDate "2015.01.25"]
[EventType "tourn (corr)"]
[EventRounds "12"]
[EventCountry "GER"]
[SourceTitle "Corr 2022"]
[Source "ChessBase"]
[SourceDate "2021.10.24"]
[SourceVersion "1"]
[SourceVersionDate "2021.10.24"]
[SourceQuality "1"]

1. e4 c5 2. Nf3 d6 3. Bb5+ Nd7 4. 0-0 Ngf6 5. Re1 a6 6. Bf1 b6 7. d4 cxd4 8. Nxd4 Bb7 9. f3 e6 10. c4 Be7 11. Nc3 0-0 12. Be3 Rc8 13. Rc1 Qc7 14. Qd2 Qb8 15. Na4 Ba8 16. b3 Rfd8 1/2-1/2

[Event "WC-2015-P-00010"]
[Site "LSS email"]
[Date "2015.01.19"]
[Round "?"]
[White "Wolff, Christoph"]
[Black "Hassim, Yonah"]
[Result "0-1"]
[WhiteElo "2005"]
[BlackElo "2205"]
[PlyCount "60"]
[EventDate "2015.01.25"]
[EventType "tourn (corr)"]
[EventRounds "12"]
[EventCountry "GER"]
[SourceTitle "Corr 2022"]
[Source "ChessBase"]
[SourceDate "2021.10.24"]
[SourceVersion "1"]
[SourceVersionDate "2021.10.24"]
[SourceQuality "1"]

1. e4 c5 2. Nf3 d6 3. d4 cxd4 4. Nxd4 Nf6 5. Nc3 a6 6. Bg5 e6 7. f4 Qb6 8. Nb3 Be7 9. Qf3 Qc7 10. 0-0-0 Nbd7 11. Bd3 b5 12. a3 Rb8 13. Rhe1 h6 14. Bh4 Bb7 15. Qg3 g5 16. fxg5 Rg8 17. Qf2 hxg5 18. Bg3 Rc8 19. Kb1 Nh5 20. Rf1 Rf8 21. Bxb5 axb5 22. Nxb5 Qb6 23. Nxd6+ Bxd6 24. Qxb6 Nxb6 25. Bxd6 Rh8 26. Nc5 Bc6 27. b3 Nf4 28. g3 Ng6 29. Rd2 Rd8 30. Rfd1 Nd7 0-1

[Event "SB-2014-0-00384"]
[Site "LSS email"]
[Date "2014.09.18"]
[Round "?"]
[White "Wolff, Christoph"]
[Black "Knoeppel, Bjoern"]
[Result "1/2-1/2"]
[WhiteElo "2000"]
[BlackElo "1905"]
[PlyCount "53"]
[EventDate "2014.08.30"]
[EventType "tourn (corr)"]
[EventRounds "6"]
[EventCountry "GER"]
[SourceTitle "Corr 2022"]
[Source "ChessBase"]
[SourceDate "2021.10.24"]
[SourceVersion "1"]
[SourceVersionDate "2021.10.24"]
[SourceQuality "1"]

1. e4 d6 2. d4 Nf6 3. Nc3 g6 4. Be3 c6 5. Qd2 Nbd7 6. Nf3 Bg7 7. Bh6 0-0 8. Bxg7 Kxg7 9. 0-0-0 Qa5 10. Kb1 b5 11. Bd3 e5 12. h4 h5 13. dxe5 dxe5 14. Ng5 Nc5 15. f4 exf4 16. Qxf4 Ng4 17. Be2 b4 18. Nd5 Ne6 19. Nxe6+ Bxe6 20. Bxg4 Bxg4 21. Nf6 Bxd1 22. Rxd1 Rad8 23. Rf1 Qb5 24. e5 Qe2 25. Kc1 b3 26. axb3 Rd4 27. Nxh5+ 1/2-1/2

[Event "BI-2014-P-0026"]
[Site "LSS email"]
[Date "2014.04.19"]
[Round "?"]
[White "Bressia, Gustavo"]
[Black "Wolff, Christoph"]
[Result "0-1"]
[WhiteElo "1699"]
[BlackElo "1922"]
[PlyCount "117"]
[EventDate "2014.04.25"]
[EventType "tourn (corr)"]
[EventRounds "10"]
[EventCountry "GER"]
[SourceTitle "Corr 2015"]
[Source "ChessBase"]
[SourceDate "2015.07.17"]
[SourceVersion "1"]
[SourceVersionDate "2015.07.17"]
[SourceQuality "1"]

1. d4 Nf6 2. Nf3 g6 3. Bf4 Bg7 4. e3 0-0 5. Be2 d6 6. h3 c5 7. 0-0 Qb6 8. Nbd2 Be6 9. Qc1 cxd4 10. Nxd4 Bd7 11. Nc4 Qc7 12. Nb3 Bb5 13. Nbd2 Nbd7 14. Re1 Bc6 15. c3 b5 16. Na3 Qb7 17. Bf1 a5 18. Nc2 e5 19. Bg5 Nc5 20. Bxf6 Bxf6 21. Nb3 Rfd8 22. Qd1 Kg7 23. Qe2 Ne4 24. Nd2 b4 25. Nxe4 Bxe4 26. cxb4 axb4 27. Qd2 Rab8 28. Rec1 d5 29. a3 bxa3 30. bxa3 Bg5 31. Nb4 d4 32. Qe1 dxe3 33. fxe3 Qb6 34. Rc3 Rbc8 35. Rac1 Rxc3 36. Rxc3 Bb7 37. Qc1 Rd7 38. Rb3 Bd5 39. Rc3 Be4 40. Kh2 Qd8 41. Rc8 Qf6 42. Qe1 Bh4 43. Qe2 Bf2 44. Rc4 Qh4 45. Qg4 Qxg4 46. hxg4 f5 47. gxf5 gxf5 48. Be2 Bxe3 49. Bf3 Bb1 50. Bd5 Kh6 51. a4 Kg5 52. a5 e4 53. a6 Ba2 54. Rc3 Bf4+ 55. g3 Bxd5 56. gxf4+ Kxf4 57. Nxd5+ Rxd5 58. Ra3 Rd8 59. a7 0-1